00437nam a2200169 a 45000010005000000030009000050080041000140400028000550820016000831000015000992450037001142600033001513000010001844900022001946500024002166500027002404125CO-ViMGA141112s2004 ck r 000 u spa d aCO-ViMGAbspacCO-ViMGA04a291.8 R154m1 aRank, Otto10aEl mito del nacimiento del heroe aBarcelona : bPaidos, c1991 a114 p aPaidos studio, 1314aMITOLOGIA - FUENTES14aMITOLOGIA Y PSICOLOGIA